00859nam a22002537a 45000010005000000030006000050050017000110080041000280200018000690400029000870500011001160820011001271000023001382450037001612600032001983000048002304900033002785050010003115200179003215210029005005210020005296500030005496500026005798392FISKH20250910141322.0250910b cb ||||| |||| 00| 0 eng d a9780881104370 aFISKHbengcFISKHdFISKH aGC21.5 a551.46 aPick, Christopher aUndersea / cBy Christopher Pick aLondon :bUsborne , c1990. a32 pages : bcolor illustrations ;c28 cm . aThe usborne young scientist  aS  aAn introduction to the world beneath the ocean's surface discussing marine animals, underwater exploration, wrecks and treasures, fish farming, and many other related topics.8 a790 bLexile estimate 8 aR bRaz-Plus  aOceanographyvNon-fiction aSea lifevNon-fiction